English hill towns (Record no. 74200)
[ view plain ]
| 000 -LEADER | |
|---|---|
| fixed length control field | 01055cab a2200217 4500 |
| 001 - CONTROL NUMBER | |
| control field | ABS67540 |
| 008 - FIXED-LENGTH DATA ELEMENTS--GENERAL INFORMATION | |
| fixed length control field | 040301n2004 000 0 eng u |
| 035 ## - SYSTEM CONTROL NUMBER | |
| System control number | (Sirsi) u125278 |
| 100 ## - MAIN ENTRY--PERSONAL NAME | |
| Personal name | Owen, S. |
| 245 ## - TITLE STATEMENT | |
| Title | English hill towns |
| 260 ## - PUBLICATION, DISTRIBUTION, ETC. | |
| Date of publication, distribution, etc. | 2004 |
| 490 ## - SERIES STATEMENT | |
| Series statement | Urban Design Quarterly |
| Volume/sequential designation | (89) Winter 2004, 9-12(4) |
| 520 ## - SUMMARY, ETC. | |
| Summary, etc. | Argues that English hill towns should be recognised as a type of settlement, like the hill top settlements of southern Europe. Unlike southern Europe, English hill towns tended to be built on hill slopes not the hill top. Argues such a distinctive English settlement should be recognised as a phenomenon in its own right, concentrating on the appearance of such hill towns in the landscape and based on the analysis of some 20 English hill towns. Identifies the distinguishing features and characteristics. |
| 590 ## - LOCAL NOTE (RLIN) | |
| Local note | ABS |
| 650 ## - SUBJECT ADDED ENTRY--TOPICAL TERM | |
| Topical term or geographic name entry element | MARKET TOWNS |
| 650 ## - SUBJECT ADDED ENTRY--TOPICAL TERM | |
| Topical term or geographic name entry element | ENGLAND |
| 650 ## - SUBJECT ADDED ENTRY--TOPICAL TERM | |
| Topical term or geographic name entry element | TOWN PLANNING |
| 650 ## - SUBJECT ADDED ENTRY--TOPICAL TERM | |
| Topical term or geographic name entry element | TOWNSCAPES |
| 690 ## - LOCAL SUBJECT ADDED ENTRY--TOPICAL TERM (OCLC, RLIN) | |
| Topical term or geographic name as entry element | ENVIRONMENTAL AND LAND CONSULTANCY-PLANNING AND DEVELOPMENT |
| 942 ## - ADDED ENTRY ELEMENTS (KOHA) | |
| Suppress in OPAC | 0 |
| Withdrawn status | Lost status | Source of classification or shelving scheme | Damaged status | Not for loan | Home library | Current library | Shelving location | Date acquired | Total Checkouts | Full call number | Barcode | Date last seen | Copy number | Price effective from | Koha item type |
|---|---|---|---|---|---|---|---|---|---|---|---|---|---|---|---|
| Dewey Decimal Classification | London | London | Journal article | 01/03/2004 | ABS67540 | 125278-1001 | 06/08/2019 | 1 | 06/08/2019 | Journal article |